000 nam a22 7a 4500
999 _c9937
_d9937
008 180208b ||||| |||| 00| 0 eng d
100 _aDaly, A
_95998
245 _aTom Thump
260 _aLondon
_bLadybird Publication
_c1993